000
00299nam a22001337a 4500
008
170526b xxu||||| |||| 00| 0 eng d
020
_a
9780534171438
041
_a
eng
080
_a
62
100
_a
27
101
_a
IM
245
_a
THE NEW SOFTWARE ENGINEERING
_c
CONGER.S
942
_2
udc
_c
BK
999
_c
14501
_d
14501